| 000 | 00546nam a22001697a 4500 | ||
|---|---|---|---|
| 005 | 20260205145134.0 | ||
| 008 | 260205b |||||||| |||| 00| 0 eng d | ||
| 020 | _a978-1-84831-220-3 | ||
| 050 | _aBF 692 .F56 2010 | ||
| 100 | _aFINE, CORDELLA | ||
| 245 | _aDELUSIONS OF GENDER: THE REAL SCIENCE BEHIND SEX DIFFERENCES. | ||
| 260 |
_aLONDON, _bICON BOOKS LTD, _c2010, |
||
| 300 | _aXXIX, 338 P , ILL | ||
| 500 | _aINCLUDES BIBLIOGRAPHICAL REFERENCES AND INDEX | ||
| 650 | _a1. SEX DIFFERENCES (PSYCHOLOGY) 2. SEX ROLE | ||
| 942 |
_2lcc _cBK |
||
| 999 |
_c216560 _d216560 |
||